Music Quiz

Random Music Quiz

My Fair Lady: Why Can't The English? Lyrics Quiz Stats

 Plays Quiz not verified by Sporcle

Challenge
Share
Tweet
Embed
Score 0/291 Timer 10:00
0 Plays Today
Lyrics % Correct
a
100%
the
100%
and
100%
the
100%
the
100%
the
100%
a
100%
a
100%
a
100%
a
100%
and
100%
and
100%
the
100%
the
100%
the
100%
the
100%
a
100%
The
100%
and
100%
the
100%
the
100%
the
100%
A
100%
the
100%
the
100%
a
100%
the
100%
the
100%
English
97.4%
English
97.4%
Why
97.4%
English
97.4%
why
97.4%
why
97.4%
English
97.4%
English
97.4%
English
97.4%
Why
97.4%
English
97.4%
English,
97.4%
Why
97.4%
English,
97.4%
why
97.4%
English
97.4%
can't
96.9%
can't
96.9%
can't
96.9%
can't
96.9%
can't
96.9%
to
95.9%
to
95.9%
to
95.9%
to
95.9%
to
95.9%
to
95.9%
to
95.9%
to
95.9%
speak?
94.8%
speak?
94.8%
speak?!
94.8%
I
92.3%
learn
90.2%
learn
90.2%
learn
90.2%
learn
90.2%
learn
87.1%
their
85.6%
their
85.6%
their
85.6%
how
84.5%
how
84.5%
he
83.5%
he
83.5%
teach
82.5%
children
82.5%
it
82.5%
teach
82.5%
children
82.5%
it
82.5%
in
80.9%
in
80.9%
in
80.9%
in
80.9%
In
80.9%
for
80.4%
for
80.4%
of
79.4%
of
79.4%
of
79.4%
of
79.4%
of
79.4%
of
79.4%
they
78.9%
they
78.9%
be
76.8%
you
76.8%
be
76.8%
Lyrics % Correct
you
76.8%
you
76.8%
you
76.8%
be
76.8%
you
76.8%
an
76.3%
An
76.3%
is
75.8%
is
75.8%
is
75.8%
is
75.8%
do,
74.7%
as
72.2%
as
72.2%
she
70.6%
she
70.6%
she
70.6%
every
68.6%
every
68.6%
should
68%
should
68%
America
66.5%
This
66%
this
66%
This
66%
Greek.
64.9%
her,
64.4%
her
64.4%
her
64.4%
her
64.4%
by
63.9%
By
63.9%
by
63.9%
good
63.4%
which
63.4%
now
62.9%
spoke,
62.9%
absolutely
62.9%
haven't
62.9%
absolutely
62.9%
years!
62.4%
backwards,
62.4%
what
61.9%
way
61.9%
what
61.9%
way
61.9%
way
61.9%
language
61.9%
are
61.9%
are
61.9%
language
61.9%
Z
61.9%
man,
61.3%
man
61.3%
example
61.3%
It's
60.8%
too!
60.8%
your
60.8%
If
60.3%
him;
60.3%
him.
60.3%
set
60.3%
at
59.8%
Use
59.8%
place,
59.3%
like.
58.8%
like
58.8%
class
58.8%
Greeks
58.8%
frightening.
58.8%
Hear
58.2%
Hear
58.2%
hear
58.2%
hear
58.2%
that?
57.7%
that
57.7%
instead
57.7%
Hebrews
57.7%
murder
57.2%
one.
57.2%
One
57.2%
gutter!
56.7%
tongue.
56.7%
not
56.7%
from
56.7%
Look
56.2%
hung
55.7%
speaking
55.7%
where
55.7%
out
55.2%
sir,
55.2%
sir,
55.2%
proper
55.2%
flowers
54.6%
Irish
54.6%
cold-blooded
54.1%
does,
54.1%
Lyrics % Correct
selling
53.6%
ears?
53.6%
used
53.6%
taught
53.6%
right
53.1%
distinction
53.1%
might
53.1%
utters!
52.6%
them
52.6%
Englishman
52.6%
speed
52.6%
you're
52.6%
antique.
52.1%
Oh,
52.1%
with
52.1%
taken
51.5%
or
51.5%
Arabian
51.5%
aoow
51%
summer
51%
France
50.5%
syllable
50%
word
50%
H's
49.5%
keep
49.5%
verbal
49.5%
painful
49.5%
There
49.5%
dropping
49%
people
49%
his
49%
down
48.5%
any
48.5%
whose
48.5%
tears.
48.5%
lightning,
48.5%
dirty
47.9%
despise
47.9%
I'd
47.4%
face.
47.4%
other
47.4%
we'll
47.4%
Well
47.4%
Square,
46.9%
everywhere,
46.9%
some
46.9%
freak.
46.9%
Cornish
46.4%
ask
46.4%
clothes
46.4%
classifies
46.4%
prisoner
45.9%
makes
45.9%
even
45.9%
regarded
45.9%
worse,
45.4%
rather
45.4%
choir
45.4%
singing
45.4%
flat.
45.4%
close
45.4%
places
45.4%
Norwegian;
45.4%
Arabians
45.4%
converse,
44.8%
Condemned
44.3%
moment
44.3%
completely
44.3%
British
43.8%
education.
43.8%
Soho
43.8%
disappears.
43.8%
I'm
43.3%
Norwegians
43.3%
just
42.8%
common
42.8%
elementary
42.3%
wretched
41.8%
Englishman's
41.8%
Frenchman
41.8%
sort
41.2%
knows
41.2%
get,
40.7%
leave
40.7%
never
40.2%
talks
39.2%
calls
38.7%
Yorkshire
38.1%
cackling
38.1%
barn,
38.1%
Chickens
37.6%
talking
37.6%
Scotch
37.6%
afraid
35.6%
Garn
30.4%
garn
30.4%
populations
20.1%

You're not logged in!

Compare scores with friends on all Sporcle quizzes.
OR
Log In

You Might Also Like...

Show Comments

Extras

Created Jul 6, 2015ReportNominate
Tags:cant, English, fair, lady

Top Quizzes Today


Score Distribution

Your Account Isn't Verified!

In order to create a playlist on Sporcle, you need to verify the email address you used during registration. Go to your Sporcle Settings to finish the process.

Report this User

Report this user for behavior that violates our Community Guidelines.

Details: